What cooks in suburbia /

Bibliographic Details
Main Author: Perl, Lila
Format: Book
Language:English
Published: New York : Dutton, [1961]
Edition:[1st ed.].
Subjects:

MARC

Tag First Indicator Second Indicator Subfields
LEADER 00000cam a2200000 4500
001 in00000028100
005 20151007055958.0
008 750715s1961 nyua 00110 eng u
010 |a  61012466  
035 |a (OCoLC)01450548 
035 |9 AAB9789AM 
040 |c ORL  |d m.c.  |d TXA  |d UtOrBLW 
049 |a TXAM  |c [A11032546] 
050 0 0 |a TX725  |b .P469 
082 0 |a 641.5 
100 1 |a Perl, Lila. 
245 1 0 |a What cooks in suburbia /  |c Lila Perl. 
250 |a [1st ed.]. 
264 1 |a New York :  |b Dutton,  |c [1961] 
264 4 |c ©1961 
300 |a xii, 305 pages :  |b illustrations ;  |c 21 cm. 
336 |a text  |b txt  |2 rdacontent 
337 |a unmediated  |b n  |2 rdamedia 
338 |a volume  |b nc  |2 rdacarrier 
500 |a Includes index. 
650 0 |a Cooking. 
999 |a MARS 
999 f f |s 942586ad-83f2-351e-a880-8dced2b62a99  |i 6563af60-46c1-3507-be0c-f479dd209b06  |t 0 
952 f f |p ric  |a Texas A&M University  |b Rellis Campus  |c Joint Library Facility  |d Remote Storage  |t 0  |e TX725 .P469  |h Library of Congress classification  |i unmediated -- volume  |m A14811032546 
998 f f |a TX725 .P469  |t 0  |l Remote Storage